US Dioceses by Year Established - In Order - Statistics

General Stats
  • This quiz has been taken 20 times
  • The average score is 103 of 175
Answer Stats
Year State(s) (Arch)Diocese of ... Formed from... % Correct
1789 MD Baltimore Prefecture Apostolic of United States of America
100%
1808 MA Boston Diocese of Baltimore
100%
1820 SC Charleston Archdiocese of Baltimore
100%
1821 OH Cincinnati Diocese of Bardstown
100%
1833 MI Detroit Diocese of Cincinnati
100%
1834 IN Indianapolis (as Vincennes) Diocese of Bardstown
100%
1808 KY Louisville (as Bardstown) Diocese of Baltimore
100%
1793 LA New Orleans (as Louisiana) Diocese of San Cristobal de la Habana
100%
1808 NY New York Diocese of Baltimore
100%
1808 PA Philadelphia Diocese of Baltimore
100%
1820 VA Richmond Archdiocese of Baltimore
100%
1826 MO St. Louis Dioceses of Durango & Louisiana and the Two Floridas
100%
1847 NY Buffalo Diocese of New York
93%
1843 IL Chicago Dioceses of St. Louis & Vincennes
93%
1843 CT Hartford Diocese of Boston
93%
1847 TX Houston-Galveston (as Galveston) Vicariate Apostolic of Texas (from Diocese of Linares)
93%
1843 AR Little Rock Diocese of St. Louis
93%
1843 WI Milwaukee Diocese of Detroit
93%
1843 PA Pittsburgh Diocese of Philadelphia
93%
1846 OR Portland (as Oregon City) Vicariate Apostolic of Oregon Territory (from Dioceses of Baltimore & Quebec)
93%
1850 GA Savannah Dioceses of Charleston & Mobile
93%
1847 NY Albany Diocese of New York
86%
1847 OH Cleveland Diocese of Cincinnati
86%
1837 MS Jackson (as Natchez) Diocese of New Orleans
86%
1829 AL Mobile Vicariate Apostolic of Alabama and the Floridas (from Diocese of Louisiana)
86%
1837 TN Nashville Diocese of Bardstown
86%
1850 MN Saint Paul and Minneapolis (as Saint Paul) Dioceses of Dubuque & Milwaukee
86%
1850 WA Seattle (as Nesqually) Archdiocese of Oregon City
86%
1850 WV Wheeling-Charleston Diocese of Richmond
86%
1853 VT Burlington Diocese of Boston
71%
1868 OH Columbus Archdiocese of Cincinnati
71%
1837 IA Dubuque Diocese of St. Louis
71%
1853 PA Erie Diocese of Pittsburgh
71%
1857 IN Fort Wayne-South Bend (as Fort Wayne) Diocese of Vincennes
71%
1868 WI Green Bay Diocese of Milwaukee
71%
1840 CA Monterey (as California) Diocese of Sonora
71%
1853 ME Portland Diocese of Boston
71%
1853 CA San Francisco Diocese of Monterey
71%
1853 NM Santa Fe Vicariate Apostolic of New Mexico (from Diocese of Durango)
71%
1853 IL Springfield (as Quincy) Diocese of Chicago
71%
1870 FL St. Augustine Vicariate Apostolic of Florida (from Diocese of Savannah)
71%
1868 DE / MD Wilmington Diocese of Baltimore & Philadelphia
71%
1951 AK Anchorage-Juneau (as Juneau) Vicariate Apostolic of Alaska
64%
1893 ID Boise Vicariate Apostolic of Idaho (from Archdiocese of Oregon City)
64%
1853 NY Brooklyn Archdiocese of New York
64%
1887 WY Cheyenne Diocese of Omaha
64%
1890 TX Dallas Diocese of Galveston
64%
1887 CO Denver Vicariate Apostolic of Colorado (from Diocese of Santa Fe)
64%
1889 ND Fargo (as Jamestown) Vicariate Apostolic of Dakota (from Diocese of St. Paul)
64%
1939 NM / AZ Gallup Dioceses of Santa Fe & Tucson
64%
1882 MI Grand Rapids Diocese of Detroit
64%
1868 PA Harrisburg Diocese of Philadelphia
64%
1884 MT Helena Vicariate Apostolic of Montana
64%
1941 HI Honolulu Vicariate Apostolic of Hawaiian Islands
64%
1877 KS Kansas City (as Leavenworth) Vicariate Apostolic of Kansas (from Diocese of New Orleans)
64%
1868 WI La Crosse Diocese of Milwaukee
64%
1887 NE Lincoln Diocese of Omaha
64%
1853 NJ Newark Dioceses of New York & Philadelphia
64%
1905 OK Oklahoma City (as Oklahoma) Vicariate Apostolic of Indian Territory (from Diocese of Little Rock)
64%
1885 NE Omaha Vicariate Apostolic of Nebraska (from Diocese of New Orleans)
64%
1872 RI Providence Dioceses of Boston & Hartford
64%
1868 NC Raleigh Diocese of Charleston
64%
1902 SD Rapid City (as Lead) Diocese of Sioux Falls
64%
1931 NV Reno Dioceses of Salt Lake & Sacramento
64%
1868 NY Rochester Diocese of Buffalo
64%
1891 UT Salt Lake City Vicariate Apostolic of Utah (from Archdiocese of San Francisco)
64%
1874 TX San Antonio Diocese of Galveston
64%
1889 SD Sioux Falls Vicariate Apostolic of Dakota (from Diocese of St. Paul)
64%
1913 WA Spokane Diocese of Seattle
64%
1870 MA Springfield Diocese of Boston
64%
1910 OH Toledo Diocese of Cleveland
64%
1881 NJ Trenton Diocese of Newark
64%
1897 AZ Tucson Vicariate Apostolic of Arizona (from Diocese of Santa Fe)
64%
1947 DC / MD Washington Archdiocese of Baltimore-Washington
64%
1956 GA Atlanta Diocese of Savannah-Atlanta
57%
1912 TX Corpus Christi Vicariate Apostolic of Brownsville (from Diocese of Galveston)
57%
1853 KY Covington Diocese of Louisville
57%
1881 IA Davenport Diocese of Dubuque
57%
1911 IA Des Moines Diocese of Davenport
57%
1962 AK Fairbanks Vicariate Apostolic of Alaska (from Dioceses of New Westminster & Victoria)
57%
1856 IN Gary Diocese of Fort Wayne
57%
1904 MT Great Falls-Billings (as Great Falls) Diocese of Helena
57%
1956 MO Jefferson City Dioceses of Kansas City, St. Joseph, St. Louis
57%
1880 MO Kansas City-Saint Joseph (as Kansas City) Archdiocese of St. Louis
57%
1937 MI Lansing Diocese of Detroit
57%
1995 NV Las Vegas Diocese of Reno-Las Vegas
57%
1946 WI Madison Dioceses of Green Bay, La Crosse, Milwaukee
57%
1884 NH Manchester Diocese of Portland
57%
1970 TN Memphis Diocese of Nashville
57%
1958 FL Miami Diocese of St. Augustine
57%
1875 IL Peoria Diocese of Chicago
57%
1969 AZ Phoenix Dioceses of Gallup & Tucson
57%
1886 CA Sacramento Diocese of San Francisco
57%
1889 MN Saint Cloud Vicariate Apostolic of Northern Minnesota (from Diocese of St. Paul)
57%
1944 OH Steubenville Diocese of Columbus
57%
1972 OK Tulsa Diocese of Oklahoma City and Tulsa
57%
1950 MA Worcester Diocese of Springfield
57%
1943 OH Youngstown Diocese of Cleveland
57%
1853 LA Alexandria (as Natchitoches) Archdiocese of New Orleans
50%
1974 VA Arlington Diocese of Richmond
50%
1977 MS Biloxi Diocese of Natchez-Jackson
50%
1909 ND Bismarck Diocese of Fargo
50%
1953 CT Bridgeport Diocese of Hartford
50%
1937 NJ Camden Diocese of Trenton
50%
1983 CO Colorado Springs Dioceses of Denver & Pueblo
50%
1889 MN Duluth Vicariate Apostolic of Northern Minnesota
50%
1914 TX El Paso Dioceses of Dallas, San Antonio, & Tucson
50%
1944 IN Evansville Diocese of Indianapolis
50%
1970 MI Gaylord Dioceses of Grand Rapids & Saginaw
50%
1948 IL Joliet Dioceses of Chicago, Peoria, Rockford
50%
1970 MI Kalamazoo Dioceses of Grand Rapids & Lansing
50%
1922 CA Los Angeles (as Los Angeles-San Diego) Diocese of Monterey-Los Angeles
50%
1857 MI Marquette (as Sault Sainte Marie) Vicariate Apostolic of Upper Michigan (from Diocese of Detroit)
50%
1981 NJ Metuchen Diocese of Trenton
50%
1968 FL Orlando Dioceses of St. Augustine & Miami
50%
1941 CO Pueblo Diocese of Denver
50%
1908 IL Rockford Archdiocese of Chicago
50%
1938 MI Saginaw Dioceses of Detroit & Grand Rapids
50%
1868 PA Scranton Diocese of Philadelphia
50%
1902 IA Sioux City Archdiocese of Dubuque
50%
1956 MO Springfield-Cape Girardeau Dioceses of Kansas City, St. Louis
50%
1962 CA Stockton Dioceses of Sacramento & San Francisco
50%
1887 KS Wichita Diocese of Leavenworth
50%
1889 MN Winona-Rochester (as Winona) Archdiocese of St. Paul
50%
1951 WA Yakima Dioceses of Seattle & Spokane
50%
1961 PA Allentown Archdiocese of Philadelphia
43%
1901 PA Altoona-Johnstown (as Altoona) Dioceses of Harrisburg & Pittsburgh
43%
1926 TX Amarillo Dioceses of Dallas, El Paso, San Antonio
43%
1903 OR Baker (as Baker City) Archdiocese of Oregon City
43%
1966 TX Beaumont Diocese of Galveston-Houston
43%
1887 IL Belleville Diocese of Alton
43%
1969 AL Birmingham Diocese of Mobile-Birmingham
43%
1965 TX Brownsville Diocese of Corpus Christi
43%
1971 NC Charlotte Diocese of Raleigh
43%
1912 NE Grand Island (as Kearney) Diocese of Omaha
43%
1977 LA Houma-Thibodaux Archdiocese of New Orleans
43%
1988 TN Knoxville Diocese of Nashville
43%
1944 IN Lafayette Diocese of Fort Wayne
43%
1982 NM Las Cruces Dioceses of El Paso & Santa Fe
43%
1988 KY Lexington Dioceses of Louisville & Covington
43%
1957 MN New Ulm Archdiocese of St. Paul
43%
1953 CT Norwich Diocese of Hartford
43%
1962 CA Oakland Archdiocese of San Francisco
43%
1872 NY Ogdensburg Diocese of Albany
43%
1976 CA Orange Archdiocese of Los Angeles
43%
1937 KY Owensboro Diocese of Louisville
43%
1937 NJ Paterson Diocese of Newark
43%
1957 NY Rockville Centre Diocese of Brooklyn
43%
1936 CA San Diego Diocese of Los Angeles-San Diego
43%
1968 FL St. Petersburg Dioceses of Miami & St. Augustine
43%
1905 WI Superior Dioceses of Green Bay & La Crosse
43%
1886 NY Syracuse Diocese of Albany
43%
1947 TX Austin Dioceses of Dallas, Galveston, San Antonio
36%
1951 KS Dodge City Diocese of Wichita
36%
1904 MA Fall River Diocese of Providence
36%
1951 PA Greensburg Diocese of Pittsburgh
36%
1918 LA Lafayette Archdiocese of New Orleans
36%
2000 TX Laredo Dioceses of Corpus Christi & San Antonio
36%
1983 TX Lubbock Dioceses of San Angelo & Amarillo
36%
1984 FL Palm Beach Dioceses of Miami & Orlando
36%
1975 FL Pensacola-Tallahassee Diocese of St. Augustine
36%
1887 KS Salina (as Concordia) Diocese of Leavenworth
36%
1961 TX San Angelo Dioceses of Amarillo, Austin, El Paso, Dallas-Fort Worth
36%
1978 CA San Bernardino Diocese of San Diego
36%
1962 CA Santa Rosa Dioceses of Sacramento & San Francisco
36%
1986 TX Tyler Dioceses of Beaumont, Dallas, Galveston-Houston
36%
1961 LA Baton Rouge Archdiocese of New Orleans
29%
1909 MN Crookston Diocese of Duluth
29%
1969 TX Fort Worth Diocese of Dallas-Fort Worth
29%
1980 LA Lake Charles Diocese of Lafayette
29%
1986 LA Shreveport Diocese of Alexandria-Shreveport
29%
1984 FL Venice Dioceses of Miami, Orlando, St. Petersburg
29%
1982 TX Victoria Dioceses of Corpus Christi, Galveston-Houston, San Antonio
29%
1981 CA San Jose Archdiocese of San Francisco
21%
1967 CA Fresno Diocese of Monterey-Fresno
0%
No matching quizzes found
Score Distribution
Percent of People with Each Score
Percentile by Number Answered
Your Score History
You have not taken this quiz